{"text_format":"1","workbook":"xlsx","n_sheets":1,"sheets":["Price Bid Sheet- WC"],"not_rendered":{"charts":0,"images":1,"macros":1,"external_links":0,"defined_names":0,"comments":0,"pivot_tables":0},"unopened":[],"bounds":{"document_bytes":16777216,"sheet_cells":100000,"rows_first":2000,"rows_last":500,"rows_between":2000,"halvings":0,"cell_chars":16384,"cell_head_chars":4096},"cells_cut":0,"cells_raw":0,"read":"whole","date_system":"1900"}

{"sheet":"Price Bid Sheet- WC","index":0,"n_rows":28,"n_cols":7,"rows_kept":28,"cut":false,"hidden":false,"merged":[[23,0,23,4],[25,0,25,4],[27,0,27,6],[24,1,24,6],[6,0,6,6],[19,3,19,4],[20,0,20,4],[21,0,21,4],[22,0,22,4],[5,0,5,6],[1,0,1,6],[2,0,2,6],[3,0,3,5]]}
[]
["    BHARAT HEAVY ELECTRICAL LIMITED , JHANSI              "]
["TOWNSHIP CIVIL DEPARTMENT "]
["  Price Bid ( Two pages)",null,null,null,null,null,"JS-146"]
[null,null,null,null,null,null,"Annexure - I (i)"]
["Name of work : Repair & Maintenance of Boundary wall."]
["For Tender Enuiry No: TCX / TW / 21 / 06"]
[]
["Sl. No.","DSR 2016 ","Description of Work","Unit ","Quantity ","Analysed rate of DSR-2016","Amount\nRs"]
[1,"2.6.1/76","Earth work in excavation by mechanical means (Hydraulic excavator) / manual means over areas (exceeding 30cm in depth. 1.5 m in width as well as 10 sqm on plan) including disposal of excavated earth, lead upto 50m and lift upto 1.5m, disposed earth to be levelled and neatly dressed (All kinds of soil)","Cum",40,125.95,{"$f":"E10*F10","v":5038}]
[2,"4.1.6/88 ","Providing and laying in position cement concrete of specified grade excluding the cost of centering and shuttering - All work up to plinth level : 1:3:6 (1 Cement : 3 coarse sand (zone-III): 6 graded stone aggregate 40 mm nominal size).","Cum",4,3241.05,{"$f":"E11*F11","v":12964.2}]
[3,"5.1.3/97","Providing and laying in position specified grade of reinforced cement concrete, excluding the cost of centering, shuttering, finishing and reinforcement - All work up to plinth level :  1:2:4 (1 cement : 2 coarse sand : 4 graded stone aggregate 20 mm nominal size) ","Cum",4,3526.24,14104.96]
[4,"7.1.1/119"," Random rubble masonry with hard stone in foundation and plinth including levelling up with cement concrete 1:6:12 (1 cement : 6 coarse sand : 12 graded stone aggregate 20 mm nominal size) upto plinth level with :  Cement mortar 1:6 (1 cement : 6 coarse sand)  Stone will be provided by BHEL free of cost .","Cum",27,2115.75,57125.25]
[5,"7.2.1/119","Random rubble masonry with hard stone in superstructure above plinth level andupto floor five level, including leveling up with cement concrete 1:6:12 (1 cement: 6 coarse sand : 12 graded stone aggregate 20 mm nominal size) at window sills,ceiling level and the like. Cement mortar 1:6 (1 cement : 6 coarse sand. Stone will be provided by BHEL free of cost .","Cum",37,2945.05,108966.85]
[6,"7.2.1/119","Random rubble masonry with hard stone in superstructure above plinth level andupto floor five level, including leveling up with cement concrete 1:6:12 (1 cement: 6 coarse sand : 12 graded stone aggregate 20 mm nominal size) at window sills,ceiling level and the like. Cement mortar 1:6 (1 cement : 6 coarse sand.","Cum",50,4067.36,203368]
[7,"13.33.2/230","Pointing on stone work with cement mortar 1:3 (1 cement : 3 fine Raised and cut pointing","Sqm",360,292.5,105300]
[8,"15.9.2/253","Demolishing stone rubble masonry manually/ by mechanical means including stacking of serviceable material and disposal of unserviceable material within 50 metres lead as per direction of Engineer-in-charge :cement mortar","Cum",15,1005.7,{"$f":"E17*F17","v":15085.5}]
[9,"15.11.2/254","Removing mortar from and cleaning stones and concrete articles(net quantity of stacks of cleaned materials will be measured):In cement mortar","cum",70,284.3,19901]
[10,"DSR 2016 "," Not covered in above but covered in  DSR-2016",1,10000,1,10000]
[null,null,"Sub Total "," \"A1\"",null,null,{"$f":"SUM(G10:G19)","v":551853.76}]
["Section weightage percentage",null,null,null,null,null,1]
["Quoted section amount Sec A ( derived from the Quoted Total Price Bid Value",null,null,null,null,null,{"$f":"G24","v":0}]
["Sectional multiplying factor",null,"Total\"A=A1 x \"",null,null,null,{"$f":"G24/G20","v":0}]
["Total Amount To be quoted by contractor ( in figure )"]
[null,{"$f":"RUP(G24)","v":0}]
["GST extra as applicable"]
[]
["Note -Contractor should quote the prices in cell no. G 24 of excel sheet and then take print out to submit the price bid"]